UBT Library

Wireless and personal communications systems / (Record no. 40476)

000 -LEADER
fixed length control field 00735cam a2200229 a 4500
001 - CONTROL NUMBER
control field 1616934
005 - DATE AND TIME OF LATEST TRANSACTION
control field 20180118072322.0
008 - FIXED-LENGTH DATA ELEMENTS--GENERAL INFORMATION
fixed length control field 950817s1996 njua b 001 0 eng
010 ## - LIBRARY OF CONGRESS CONTROL NUMBER
LC control number 95038584
020 ## - INTERNATIONAL STANDARD BOOK NUMBER
International Standard Book Number 0132346265 (case)
040 ## - CATALOGING SOURCE
Original cataloging agency DLC
Transcribing agency DLC
Modifying agency DLC
041 ## - LANGUAGE CODE
Language code of text/sound track or separate title eng
080 ## - UNIVERSAL DECIMAL CLASSIFICATION NUMBER
Universal Decimal Classification number 621.3845 GAR
082 00 - DEWEY DECIMAL CLASSIFICATION NUMBER
Classification number 621.3845 GAR
Edition number 20
100 1# - Rafti
Rafti IM
101 ## - Shkurtesa
Shkurtesa 27
245 10 - TITLE STATEMENT
Title Wireless and personal communications systems /
Statement of responsibility, etc Vijay K. Garg, Joseph E. Wilkes.
504 ## - BIBLIOGRAPHY, ETC. NOTE
Bibliography, etc Includes bibliographical references and index.
906 ## - LOCAL DATA ELEMENT F, LDF (RLIN)
a 7
b cbc
c orignew
d 1
e ocip
f 19
g y-gencatlg
942 ## - ADDED ENTRY ELEMENTS (KOHA)
Source of classification or shelving scheme
Item type Books
Holdings
Withdrawn status Lost status Source of classification or shelving scheme Damaged status Not for loan Collection code Permanent location Current location Shelving location Date acquired Total Checkouts Full call number Barcode Date last seen Price effective from Koha item type
          Koleksioni i përgjithshem UBT - Lipjan UBT - Lipjan Koleksioni i përgjithshem 01/18/2018   621.3845 GAR 002-2995768 01/18/2018 01/18/2018 Books
UBT Library © 2015-2024. All rights reserved University Education for Business and Technology